Nelineární programování a optimalizace adaptivního řízení nádrží v reálném čase Část 2: Stochastický přístup k řízení

Bibliographic Details
Main Authors: Nacházel, Karel, 1934- (Author), Patera, Adolf, 1944-2003 (Author)
Format: Article
Language:Czech
PhysicalDescription:Grafy 18, tab. 7, res. angl., čes., rus., lit. 10 zázn. v angl., češ.
Subjects:

MARC

LEADER 00000nab a2200000 a 4500
001 vtls000508392
003 SK-MaSNL
005 20260304013333.0
008 141024c1993 xo 0 cze
015 |a SNBRB19rr/mm-uuuuu 
035 |a CL0508530 
040 |a SNKBUCL  |b slo  |c SNKBUCL  |e AACR2 
041 0 |a cze 
044 |a xo  |c SK 
080 |a 556.16:556.55:681.514:519.856  |2 1981 
080 |a 556.55  |2 1981 
080 |a 681.514  |2 1981 
080 |a 519.856  |2 1981 
080 |a 628.13  |2 1981 
100 1 |a Nacházel, Karel,  |d 1934-  |4 aut  |9 112597 
245 1 0 |a Nelineární programování a optimalizace adaptivního řízení nádrží v reálném čase  |b Část 2: Stochastický přístup k řízení  |c Karel Nacházel, Adolf Patera 
300 |b Grafy 18, tab. 7, res. angl., čes., rus., lit. 10 zázn. v angl., češ. 
650 0 7 |a vodné nádrže  |2 snkbucl  |9 4190 
650 0 7 |a odtok vody  |2 snkbucl  |9 68580 
650 0 7 |a adaptívne riadenie  |2 snkbucl  |9 78793 
650 0 7 |a stochastické programovanie  |2 snkbucl  |9 2034 
655 7 |a články z novín a časopisov  |2 snkbucl  |9 267496 
700 1 |a Patera, Adolf,  |d 1944-2003  |4 aut  |9 515690 
773 0 |t Vodohospodársky časopis  |g Roč. 41, č. 4-5 (1993), s. 201-224 
850 |a Slovenská národná knižnica v Martine  |a MTA001 
852 |a SNK  |b KIS3GCP 
958 |a NB 
958 |a CZ 
958 |a RK 
992 |a RBX 
999 |c 2575362  |d 2577292